[Event "16th Battle of Senta - OPEN A"]
[Site "Senta"]
[Date "2012.07.19"]
[Round "7.1"]
[White "Nestorovic, Dejan"]
[Black "Balog, Imre"]
[Result "1-0"]
[WhiteElo "2404"]
[BlackElo "2542"]
[PlyCount "119"]
[EventDate "2012.07.14"]

1. d4 d5 2. c4 c6 3. Nf3 Nf6 4. e3 Bg4 5. Qb3 Qb6 6. Bd3 Bxf3 7. gxf3 Nbd7 8.
Nc3 e6 9. Bd2 g6 10. cxd5 Qxb3 11. axb3 exd5 12. Na4 a5 13. Ke2 Be7 14. Rhc1
O-O 15. Nc5 Nxc5 16. dxc5 Nd7 17. Bxa5 Nxc5 18. Bc2 Ne6 19. Bc3 Rad8 20. Rd1
Rd7 21. f4 f5 22. b4 Bf6 23. Bb3 Nc7 24. Rd3 Kg7 25. Kf3 Nb5 26. Bxf6+ Kxf6 27.
Ke2 Re8 28. Ra5 Re4 29. Bxd5 Rxb4 30. Rb3 Rxb3 31. Bxb3 Nd6 32. f3 Re7 33. Ra8
Ne8 34. Rd8 h6 35. h4 g5 36. fxg5+ hxg5 37. hxg5+ Kxg5 38. f4+ Kf6 39. Kf3 Kg6
40. Bc2 Nf6 41. Rd6 Re8 42. Rd1 Ng4 43. e4 Nf6 44. e5 Nd5 45. Rg1+ Kf7 46. Bxf5
Rh8 47. Be4 Nb6 48. Bg6+ Ke7 49. Bd3 Nd5 50. Bc4 Rh3+ 51. Ke4 Nb6 52. Rg7+ Kf8
53. Rg8+ Ke7 54. b3 Nd7 55. Rg7+ Ke8 56. b4 Nb6 57. Be6 Rh6 58. Rxb7 Na4 59. f5
Rh4+ 60. Kf3 1-0

[Event "16th Battle of Senta - OPEN A"]
[Site "Senta"]
[Date "2012.07.19"]
[Round "7.2"]
[White "Gleizerov, Evgeny"]
[Black "Matsenko, Sergei"]
[Result "1/2-1/2"]
[WhiteElo "2565"]
[BlackElo "2460"]
[PlyCount "33"]
[EventDate "2012.07.14"]

1. f4 Nf6 2. Nf3 c5 3. e3 g6 4. d4 cxd4 5. exd4 Bg7 6. Bd3 e6 7. O-O O-O 8. c3
b6 9. Qe2 Bb7 10. a4 Nc6 11. Nbd2 Qc7 12. Nc4 Nd5 13. Ng5 h6 14. Ne4 Ndb4 15.
Ned6 Nxd3 16. Qxd3 Na5 17. Nxa5 1/2-1/2

[Event "16th Battle of Senta - OPEN A"]
[Site "Senta"]
[Date "2012.07.19"]
[Round "7.3"]
[White "Nadj Hedjesi, Balind"]
[Black "Strugnell, Carl"]
[Result "1-0"]
[WhiteElo "2381"]
[BlackElo "2234"]
[PlyCount "107"]
[EventDate "2012.07.14"]

1. e4 e5 2. Nf3 Nc6 3. Bc4 Bc5 4. O-O Nf6 5. d4 Bxd4 6. Nxd4 Nxd4 7. Bg5 d6 8.
f4 Qe7 9. Nd2 Be6 10. c3 Nc6 11. f5 Bd7 12. b4 Nd8 13. a4 a5 14. Kh1 h6 15. Bh4
Rf8 16. Re1 g5 17. Bf2 Rh8 18. Bb3 axb4 19. cxb4 Nc6 20. b5 Na5 21. Ba2 Kf8 22.
Qc1 Rc8 23. Qb2 Kg7 24. Rac1 Rhd8 25. Rc3 b6 26. Rec1 Ne8 27. Nf1 c5 28. bxc6
Rxc6 29. Bd5 Rxc3 30. Rxc3 Rb8 31. Bxb6 Nf6 32. Qb4 Nxd5 33. exd5 Bxf5 34. Qxa5
Qb7 35. Rc6 Be4 36. Ng3 f5 37. Nxe4 fxe4 38. h3 Rc8 39. Qa7 Qxa7 40. Bxa7 Ra8
41. Rc7+ Kg6 42. Kg1 e3 43. Bxe3 Ra5 44. Bb6 Rxa4 45. Rc6 h5 46. Rxd6+ Kf5 47.
Rd8 Rb4 48. Rf8+ Ke4 49. d6 Rb1+ 50. Kh2 g4 51. d7 h4 52. hxg4 h3 53. gxh3 Rd1
54. d8=B 1-0

[Event "16th Battle of Senta - OPEN A"]
[Site "Senta"]
[Date "2012.07.19"]
[Round "7.4"]
[White "Ardeleanu, Alin"]
[Black "Vujic, Mihailo"]
[Result "0-1"]
[WhiteElo "2335"]
[BlackElo "2357"]
[PlyCount "130"]
[EventDate "2012.07.14"]

1. e4 e5 2. Nf3 Nc6 3. Nc3 Nf6 4. Bb5 Bd6 5. O-O O-O 6. d3 a6 7. Bxc6 dxc6 8.
h3 h6 9. d4 Nd7 10. Be3 Qf6 11. Nh2 Nb6 12. f4 exf4 13. e5 Qg6 14. Bxf4 Be7 15.
Kh1 Bf5 16. Rc1 Nd5 17. Nxd5 cxd5 18. Rf3 Bh4 19. Rc3 c6 20. a3 Rae8 21. Nf3
Bd8 22. Nh2 Kh7 23. Rg3 Qe6 24. Qd2 g5 25. Be3 f6 26. Bf2 fxe5 27. Rb3 b5 28.
dxe5 Qxe5 29. Re1 Be4 30. Bg3 Qf5 31. Rbe3 Bb6 32. R3e2 Re6 33. Qd1 Ref6 34.
Bd6 R8f7 35. Bg3 Qxh3 36. Rxe4 Qxg3 37. Re7 Kg7 38. Qh5 Bc7 39. Rxf7+ Rxf7 40.
Re6 Qxh2+ 41. Qxh2 Bxh2 42. Kxh2 Rf6 43. Re7+ Kg6 44. b4 Kf5 45. Ra7 Ke4 46.
Rxa6 Kd4 47. a4 Kc4 48. a5 Kxb4 49. Ra8 c5 50. a6 d4 51. Kg3 h5 52. a7 Ra6 53.
Kf3 c4 54. Ke4 Kc3 55. Kd5 Kxc2 56. Kxd4 c3 57. Kc5 Kb1 58. Kxb5 Rxa7 59. Rxa7
c2 60. Rc7 c1=Q 61. Rxc1+ Kxc1 62. Kc4 Kd2 63. Kd4 Ke2 64. Ke4 Kf2 65. Kf5 g4
0-1

[Event "16th Battle of Senta - OPEN A"]
[Site "Senta"]
[Date "2012.07.19"]
[Round "7.5"]
[White "Lukovic, Vladimir"]
[Black "Zivkovic, Sava"]
[Result "1/2-1/2"]
[WhiteElo "2329"]
[BlackElo "2340"]
[PlyCount "51"]
[EventDate "2012.07.14"]

1. Nf3 c5 2. c4 Nc6 3. g3 g6 4. Bg2 Bg7 5. Nc3 d6 6. O-O Nh6 7. d4 cxd4 8. Bxh6
Bxh6 9. Nxd4 Nxd4 10. Qxd4 O-O 11. Rfd1 Bg7 12. Qd2 Be6 13. b3 Qa5 14. Rac1
Bxc3 15. Qxc3 Qxc3 16. Rxc3 Rab8 17. c5 dxc5 18. Rxc5 Rfc8 19. Rxc8+ Rxc8 20.
Bxb7 Rc2 21. a4 Bxb3 22. a5 Ra2 23. Rd8+ Kg7 24. a6 Bc4 25. Ra8 Bxa6 26. Rxa7
1/2-1/2

[Event "16th Battle of Senta - OPEN A"]
[Site "Senta"]
[Date "2012.07.19"]
[Round "7.6"]
[White "Vucinic, Gojko"]
[Black "Dragovic, Momcilo"]
[Result "0-1"]
[WhiteElo "2150"]
[BlackElo "2364"]
[PlyCount "132"]
[EventDate "2012.07.14"]

1. e4 e5 2. Nf3 Nc6 3. Bb5 f5 4. Nc3 fxe4 5. Nxe4 Nf6 6. Qe2 d5 7. Nxf6+ gxf6
8. d4 Bg7 9. dxe5 O-O 10. e6 Re8 11. O-O Rxe6 12. Qd1 Ne5 13. c3 c6 14. Bd3
Nxd3 15. Qxd3 Re4 16. Nd4 Qe8 17. f3 Re1 18. Bf4 Rxf1+ 19. Rxf1 Bf8 20. Qd2 Qg6
21. Re1 Bd7 22. b4 a5 23. a3 a4 24. h4 Re8 25. Rxe8 Qxe8 26. Bh6 Bd6 27. Bf4
Be7 28. Bh6 Qh5 29. Qe1 Qe5 30. Qd2 Bd6 31. Kf1 Qh2 32. g4 Qxh4 33. Bf4 Qh3+
34. Kf2 Bf8 35. Ne2 Qh4+ 36. Kg2 h5 37. Bg3 Qg5 38. Qxg5+ fxg5 39. gxh5 Be8 40.
Nd4 Bxh5 41. Ne6 Be7 42. Nc5 b5 43. Be5 Kf7 44. Kg3 Kg6 45. Nd7 Kf5 46. Bd4
Bd6+ 47. Kf2 g4 48. fxg4+ Bxg4 49. Ke3 Bf4+ 50. Kd3 Bc1 51. Kc2 Bxa3 52. Ne5
Kf4 53. Nxg4 Kxg4 54. Bc5 Kf5 55. Kb1 Ke5 56. Kc2 Ke4 57. Kd2 d4 58. Bxd4 Bxb4
59. Bf6 Bd6 60. Kc2 Be5 61. Be7 Kd5 62. Kd3 c5 63. Bf8 a3 64. Kc2 Kc4 65. Be7
b4 66. cxb4 a2 0-1

[Event "16th Battle of Senta - OPEN A"]
[Site "Senta"]
[Date "2012.07.19"]
[Round "7.7"]
[White "Arsovic, Goran"]
[Black "Dudukovic, Nikola"]
[Result "1-0"]
[WhiteElo "2426"]
[BlackElo "2302"]
[PlyCount "57"]
[EventDate "2012.07.14"]

1. d4 Nf6 2. Nf3 c5 3. d5 d6 4. c4 e6 5. Nc3 exd5 6. cxd5 g6 7. Bf4 a6 8. Nd2
b5 9. a4 b4 10. Nce4 Bf5 11. Nxf6+ Qxf6 12. Nc4 Nd7 13. Qd2 h6 14. f3 g5 15.
Bg3 Be7 16. e4 Bg6 17. Bd3 O-O 18. O-O Qd4+ 19. Kh1 f5 20. exf5 Bxf5 21. Bxf5
Rxf5 22. Qe2 Bf8 23. Rad1 Qg7 24. Qe6+ Rf7 25. Bxd6 Kh8 26. Bxf8 Nxf8 27. Qc6
Raa7 28. Qxc5 Rf4 29. d6 1-0

[Event "16th Battle of Senta - OPEN A"]
[Site "Senta"]
[Date "2012.07.19"]
[Round "7.8"]
[White "Szabados, Karoly"]
[Black "Stankovic, Milos"]
[Result "0-1"]
[WhiteElo "2091"]
[BlackElo "2369"]
[PlyCount "82"]
[EventDate "2012.07.14"]

1. Nf3 c5 2. b3 Nf6 3. e3 g6 4. Bb2 Bg7 5. Be2 O-O 6. c4 Nc6 7. O-O Re8 8. d3
e5 9. Nbd2 d5 10. cxd5 Nxd5 11. Qb1 b6 12. Rd1 Ba6 13. Nc4 Qc7 14. a3 Rad8 15.
Qc2 Bb7 16. Rac1 Qb8 17. Qb1 f6 18. Bf1 Nc7 19. Ba1 Ne6 20. b4 cxb4 21. axb4 b5
22. Ncd2 Qd6 23. d4 exd4 24. Bxb5 dxe3 25. Ne4 Qf4 26. fxe3 Qxe3+ 27. Kh1 Rxd1+
28. Rxd1 Qb6 29. Nd6 Re7 30. Qb3 Kh8 31. Rc1 Ncd4 32. Bxd4 Qxd6 33. Bc5 Nxc5
34. bxc5 Qc7 35. c6 a6 36. Ba4 Bh6 37. Rd1 Bxc6 38. Bxc6 Qxc6 39. Nd4 Qe4 40.
h3 Bf4 41. Qa3 Qxd4 0-1

[Event "16th Battle of Senta - OPEN A"]
[Site "Senta"]
[Date "2012.07.19"]
[Round "7.9"]
[White "Andrijevic, Milan"]
[Black "Tancik, Kristijan"]
[Result "1-0"]
[WhiteElo "2345"]
[BlackElo "2289"]
[PlyCount "97"]
[EventDate "2012.07.14"]

1. e4 d6 2. d4 Nf6 3. Nc3 g6 4. Nf3 Bg7 5. Be2 O-O 6. O-O e6 7. e5 dxe5 8. Nxe5
Nfd7 9. Nf3 c5 10. dxc5 Nxc5 11. Qxd8 Rxd8 12. Bg5 Rd7 13. Be3 Nca6 14. Rad1
Nc6 15. Ne4 Nab4 16. c3 Nd5 17. Bc1 f5 18. Nc5 Re7 19. Bb5 a6 20. Ba4 h6 21. h4
Kf7 22. Bb3 Na5 23. Bxd5 exd5 24. Rxd5 b6 25. Na4 Be6 26. Rdd1 Bxa2 27. Nxb6
Rb8 28. Nd5 Bxd5 29. Rxd5 Nc4 30. Nd4 Bxd4 31. Rxd4 Nxb2 32. Bxh6 Re4 33. Rxe4
fxe4 34. Rb1 Rb5 35. Be3 Ke6 36. g4 Kd5 37. h5 gxh5 38. gxh5 Kc4 39. h6 Kxc3
40. Rc1+ Kb3 41. Rc7 Rh5 42. h7 Nd3 43. Kg2 Ne5 44. Kg3 a5 45. Bd4 Ng6 46. Kg4
Rh2 47. Kf5 Rg2 48. Rg7 Nh4+ 49. Kxe4 1-0

[Event "16th Battle of Senta - OPEN A"]
[Site "Senta"]
[Date "2012.07.19"]
[Round "7.11"]
[White "Farkas, Tibor"]
[Black "Cabarkapa, Novak"]
[Result "1/2-1/2"]
[WhiteElo "2256"]
[BlackElo "2254"]
[PlyCount "48"]
[EventDate "2012.07.14"]

1. c4 Nf6 2. Nc3 g6 3. g3 d5 4. cxd5 Nxd5 5. Bg2 Nb6 6. d3 Bg7 7. Be3 O-O 8. h4
h5 9. Qd2 Re8 10. Nf3 Nc6 11. Rc1 Bg4 12. O-O e5 13. Ne4 Nd4 14. Nxd4 exd4 15.
Bg5 f6 16. Bh6 c6 17. Bxg7 Kxg7 18. Rfe1 Qe7 19. Qc2 Be6 20. Nc5 Bf7 21. e4
dxe3 22. Rxe3 Qc7 23. Rce1 Rxe3 24. Rxe3 Nd5 1/2-1/2

[Event "16th Battle of Senta - OPEN A"]
[Site "Senta"]
[Date "2012.07.19"]
[Round "7.12"]
[White "Kumic, Filip"]
[Black "Saric, Sinisa"]
[Result "1/2-1/2"]
[WhiteElo "2216"]
[BlackElo "2462"]
[PlyCount "243"]
[EventDate "2012.07.14"]

1. d4 Nf6 2. c4 g6 3. Nc3 Bg7 4. e4 d6 5. Nf3 O-O 6. Be2 Na6 7. O-O e5 8. Be3
Ng4 9. Bg5 f6 10. Bc1 Nh6 11. Be3 c6 12. Rb1 Nf7 13. dxe5 fxe5 14. b4 Nc7 15.
Nd2 Ne6 16. Nb3 Nf4 17. Kh1 Be6 18. f3 Qe7 19. Rb2 Rfd8 20. Rd2 h5 21. Re1 g5
22. Bf1 Qf6 23. g3 Ng6 24. c5 Bf8 25. Be2 h4 26. Na5 Rd7 27. b5 Qd8 28. Bc4 d5
29. exd5 cxd5 30. Bxd5 Rxd5 31. Nxb7 Rxd2 32. Qxd2 Qxd2 33. Bxd2 Bc8 34. Nd6
Bxd6 35. cxd6 Bb7 36. Ne4 hxg3 37. hxg3 Bxe4 38. Rxe4 Nxd6 39. Rb4 Rb8 40. a4
Nf7 41. Rg4 Kg7 42. Bxg5 Nxg5 43. Rxg5 Rd8 44. Rg4 Rd3 45. Kg2 Ra3 46. Rc4 Kh6
47. f4 exf4 48. gxf4 Kh5 49. Kf2 Kg4 50. Ke2 Nxf4+ 51. Kd2 Kf5 52. Kc2 Nd5 53.
Kb2 Rh3 54. a5 Rh7 55. b6 Rb7 56. Rc8 Ke5 57. Kc1 a6 58. Kb2 Kd4 59. Kb3 Rh7
60. Ra8 Kc5 61. Rxa6 Rh3+ 62. Kb2 Rh2+ 63. Kb3 Rh3+ 64. Kb2 Nb4 65. Ra8 Rh7 66.
Kb3 Kb5 67. Kc3 Nc6 68. Rc8 Nxa5 69. Rc7 Rh3+ 70. Kd4 Nc6+ 71. Kd5 Rh5+ 72. Ke4
Kxb6 73. Rf7 Re5+ 74. Kd3 Kc5 75. Rf4 Nb4+ 76. Kd2 Rh5 77. Rg4 Rh3 78. Rg5+ Nd5
79. Rg4 Nf6 80. Ra4 Nd7 81. Ra5+ Kd4 82. Ra4+ Kd5 83. Rg4 Nc5 84. Kc2 Rh2+ 85.
Kc3 Ne4+ 86. Kb3 Kd4 87. Rf4 Re2 88. Rh4 Rf2 89. Rg4 Rf3+ 90. Kb4 Rf8 91. Kb5
Kd5 92. Kb6 Rf6+ 93. Kb5 Rf1 94. Kb6 Rb1+ 95. Kc7 Rc1+ 96. Kb6 Nf6 97. Rg5+ Kd6
98. Rg6 Rb1+ 99. Ka6 Ke6 100. Ka5 Ke5 101. Ka4 Ne4 102. Rg8 Kd5 103. Ka3 Kc4
104. Rc8+ Nc5 105. Rc7 Rb3+ 106. Ka2 Rb5 107. Rc8 Kc3 108. Rc7 Kd2 (108... Kc2
$1 {mat u 14}) 109. Rh7 Kc2 110. Rh2+ Kc3 111. Rh3+ Nd3 112. Rg3 Rh5 113. Re3
Ra5+ 114. Kb1 Ra8 115. Rh3 Rb8+ 116. Ka2 Rb7 117. Rg3 Rh7 118. Re3 Rh2+ 119.
Ka3 Kc2 120. Rg3 Rh5 121. Rg2+ Kc3 122. Ka2 1/2-1/2

[Event "16th Battle of Senta - OPEN A"]
[Site "Senta"]
[Date "2012.07.19"]
[Round "7.14"]
[White "Kholopov, Alexander A"]
[Black "Simonyi, Zoltan"]
[Result "1-0"]
[WhiteElo "2289"]
[BlackElo "2219"]
[PlyCount "105"]
[EventDate "2012.07.14"]

1. d4 d5 2. c4 e6 3. Nc3 Nf6 4. cxd5 exd5 5. Bg5 c6 6. e3 Bf5 7. Qf3 Bg6 8.
Bxf6 Qxf6 9. Qxf6 gxf6 10. h4 h5 11. Kd2 Bf5 12. Bd3 Be6 13. Nge2 Bd6 14. Nf4
Nd7 15. Nce2 Ke7 16. Ng3 Nb6 17. Ngxh5 Rag8 18. Rag1 Bg4 19. Ng3 Bxf4 20. exf4
Be6 21. f5 Bd7 22. Ne2 Rg4 23. g3 Nc8 24. f3 Rgg8 25. Nf4 Nd6 26. g4 Rh6 27. a4
Rgh8 28. h5 a5 29. b3 Rb8 30. Rc1 Kf8 31. Rhe1 Rh8 32. Rc5 Ra8 33. Rcc1 Nc8 34.
Rb1 Kg7 35. Bc2 Kh6 36. Ke3 Nd6 37. Kf2 Rhe8 38. Nd3 Rxe1 39. Rxe1 Re8 40. Kg3
Rxe1 41. Nxe1 Kg5 42. Ng2 Bc8 43. Ne3 b5 44. f4+ Kh6 45. Kh4 bxa4 46. bxa4 Ba6
47. g5+ Kh7 48. Ng4 Ne8 49. g6+ fxg6 50. fxg6+ Kh8 51. Bf5 Nd6 52. Be6 Kg7 53.
f5 1-0

[Event "16th Battle of Senta - OPEN A"]
[Site "Senta"]
[Date "2012.07.19"]
[Round "7.16"]
[White "Scepanovic, Labud"]
[Black "Manojlovic, Sava"]
[Result "1-0"]
[WhiteElo "2205"]
[BlackElo "2077"]
[PlyCount "67"]
[EventDate "2012.07.14"]

1. e4 c5 2. Nf3 e6 3. d3 d5 4. Nbd2 Nc6 5. g3 Nge7 6. Bg2 g6 7. O-O Bg7 8. Re1
O-O 9. a4 b6 10. Rb1 Bb7 11. c3 Ba6 12. Bf1 Bb7 13. e5 Qc7 14. Qe2 Rac8 15. b4
Rfd8 16. bxc5 bxc5 17. Ba3 Ba6 18. Bxc5 Nxe5 19. Bxe7 Nxf3+ 20. Qxf3 Qxe7 21.
d4 Bxf1 22. Nxf1 Rd7 23. Rb3 Rdc7 24. Reb1 Qd7 25. Rb8 Qe8 26. Rxc8 Qxc8 27.
Rb3 Bh6 28. Kg2 Rc4 29. a5 a6 30. Qd3 Bf8 31. Ne3 h5 32. Qb1 Rxc3 33. Rb8 Qd7
34. Rxf8+ 1-0

[Event "16th Battle of Senta - OPEN A"]
[Site "Senta"]
[Date "2012.07.19"]
[Round "7.17"]
[White "Banovic, Ivan"]
[Black "Pletl, Akos"]
[Result "1/2-1/2"]
[WhiteElo "2072"]
[BlackElo "2251"]
[PlyCount "81"]
[EventDate "2012.07.14"]

1. d4 d5 2. Nf3 Nf6 3. c4 e6 4. Nc3 c6 5. cxd5 exd5 6. Bg5 Be7 7. Qc2 Nbd7 8.
e3 O-O 9. Bd3 Re8 10. O-O h6 11. Bh4 Ne4 12. Bxe7 Qxe7 13. Bxe4 dxe4 14. Nd2 f5
15. Rab1 Nf6 16. b4 a6 17. a4 Be6 18. Ne2 Nd5 19. Qc5 Qg5 20. Nc4 h5 21. Nb6
Nxb6 22. Qxb6 Bc4 23. Rfe1 Bxe2 24. Rxe2 Re7 25. b5 cxb5 26. axb5 axb5 27. Qxb5
h4 28. h3 Kh7 29. Reb2 Ra6 30. Qf1 f4 31. exf4 Qxf4 32. Rxb7 Rxb7 33. Rxb7 Rc6
34. Rb1 Rc2 35. Rd1 Qg5 36. d5 Rd2 37. d6 Qd5 38. Rxd2 Qxd2 39. Qc4 Qd1+ 40.
Kh2 Qxd6+ 41. Kg1 1/2-1/2

[Event "16th Battle of Senta - OPEN A"]
[Site "Senta"]
[Date "2012.07.19"]
[Round "7.18"]
[White "Paroski, Sinisa"]
[Black "Sakic, Simeon"]
[Result "1-0"]
[WhiteElo "2184"]
[BlackElo "1961"]
[PlyCount "155"]
[EventDate "2012.07.14"]

1. e4 e5 2. Nf3 Nc6 3. Bb5 f5 4. d3 Nf6 5. exf5 Bc5 6. O-O O-O 7. Be3 Bb6 8.
Bxb6 axb6 9. Nc3 d6 10. d4 Nxd4 11. Nxd4 exd4 12. Qxd4 Bxf5 13. Nd5 Kh8 14.
Nxf6 Qxf6 15. Qxf6 Rxf6 16. c3 Kg8 17. Rfe1 Kf7 18. f3 c6 19. Bf1 Re6 20. a3
Rae8 21. Kf2 h6 22. Rxe6 Bxe6 23. Re1 Bd7 24. Rxe8 Bxe8 25. f4 Kf6 26. Ke3 Bf7
27. Be2 Be6 28. Bf3 Bc8 29. h4 b5 30. g4 Be6 31. f5 Bc4 32. Kf4 Bb3 33. g5+
hxg5+ 34. hxg5+ Ke7 35. Kg4 Bc2 36. Kf4 Bb3 37. Be4 Bd1 38. Ke3 Bb3 39. Bd3 Ba2
40. Bc2 Bc4 41. b3 Bf1 42. Bd3 Bg2 43. Be4 Bh3 44. a4 bxa4 45. bxa4 Bf1 46. a5
Bc4 47. Kd4 Be2 48. c4 Kd7 49. c5 d5 50. Bg2 Bg4 51. Ke5 Ke7 52. Bf1 Bd1 53.
Bd3 Bb3 54. Be2 Bc2 55. Bh5 Bb1 56. Bg6 Ba2 57. Bh7 Bb3 58. Bg8 Bc4 59. Be6 Bd3
60. Bc8 Ba6 61. Be6 Bd3 62. Bg8 Bc2 63. Bh7 Bb3 64. Bg6 Bd1 65. f6+ gxf6+ 66.
gxf6+ Kf8 67. Bf5 Be2 68. Be6 Bf1 69. Kd6 d4 70. Bb3 d3 71. Kc7 Be2 72. Kxb7 d2
73. a6 Bxa6+ 74. Kxa6 d1=Q 75. Bxd1 Kf7 76. Kb6 Kxf6 77. Kxc6 Ke7 78. Kb7 1-0

[Event "16th Battle of Senta - OPEN A"]
[Site "Senta"]
[Date "2012.07.19"]
[Round "7.19"]
[White "Sakic, Lorand"]
[Black "Stojkovska, Monika"]
[Result "1/2-1/2"]
[WhiteElo "1971"]
[BlackElo "1909"]
[PlyCount "148"]
[EventDate "2012.07.14"]

1. e4 c5 2. Nf3 d6 3. d4 cxd4 4. Qxd4 a6 5. Bc4 Nc6 6. Qd3 e6 7. O-O Be7 8. Bf4
Qc7 9. Rd1 Na5 10. Bb3 Nxb3 11. cxb3 e5 12. Bg5 Nf6 13. Nc3 Be6 14. Rac1 Qa5
15. Bxf6 gxf6 16. Nd5 Bxd5 17. Qxd5 Qxd5 18. Rxd5 Kd7 19. Kf1 Rac8 20. Rc3 Ke6
21. Nh4 Rc6 22. Ke2 Rhc8 23. Kd3 b5 24. Nf5 Kd7 25. Kd2 b4 26. Rxc6 Rxc6 27.
Rd3 Rc8 28. Rh3 Rh8 29. Kd3 Ke6 30. Ne3 a5 31. Kc4 Bd8 32. Rh6 Kd7 33. Nd5 f5
34. exf5 Bg5 35. Rh5 h6 36. f4 Bxf4 37. Nxf4 exf4 38. Kd5 Ke7 39. Ke4 Rg8 40.
Kf3 Kf6 41. Rxh6+ Ke5 42. f6 d5 43. Rh5+ Ke6 44. Rh4 Kxf6 45. Rxf4+ Ke6 46. g4
f6 47. h4 Rh8 48. Kg3 Rd8 49. Kf3 Rh8 50. h5 Rc8 51. Ke3 Rc2 52. Rf2 d4+ 53.
Kf3 Rc8 54. Ke4 Rg8 55. Rg2 Rd8 56. Rd2 Rg8 57. Rg2 Rd8 58. Rg3 Kf7 59. Rd3 Rg8
60. Rg3 Rd8 61. Rf3 Ke6 62. Kd3 Rd5 63. Rf4 Rg5 64. Kxd4 Rd5+ 65. Ke3 Rd1 66.
Rf5 Rg1 67. Rf4 Rg2 68. a3 Rxb2 69. axb4 Rxb3+ 70. Kf2 axb4 71. h6 Rh3 72. Rxb4
Rxh6 73. Kf3 Rh1 74. Rb6+ Kf7 1/2-1/2

[Event "16th Battle of Senta - OPEN A"]
[Site "Senta"]
[Date "2012.07.19"]
[Round "7.20"]
[White "Andrejic, Vladica"]
[Black "Petrusic, Goran"]
[Result "1-0"]
[WhiteElo "2182"]
[BlackElo "1976"]
[PlyCount "95"]
[EventDate "2012.07.14"]

1. e4 c5 2. Nf3 Nc6 3. d3 e5 4. g3 g6 5. Bg2 Bg7 6. O-O Nge7 7. c3 O-O 8. Be3
d6 9. Nbd2 h6 10. Nb3 f5 11. exf5 Bxf5 12. d4 c4 13. Nc1 e4 14. Nd2 d5 15. b3
b5 16. f3 exf3 17. Nxf3 Qd7 18. Ne2 Bd3 19. Re1 Nf5 20. Nf4 Nxe3 21. Rxe3 Be4
22. Ne5 Nxe5 23. dxe5 Bxg2 24. Kxg2 Rae8 25. e6 Qc6 26. Qxd5 Qxd5+ 27. Nxd5 Rf5
28. Rd1 cxb3 29. axb3 a5 30. Nc7 Re7 31. Rd8+ Kh7 32. Nd5 Rxd5 33. Rxd5 a4 34.
Rxb5 axb3 35. Rxb3 g5 36. Rb6 Kg6 37. Rd6 Kf6 38. Rd7 h5 39. Rxe7 Kxe7 40. Kf3
Bf8 41. c4 Kf6 42. h3 Be7 43. g4 h4 44. Re4 Bc5 45. e7 Bxe7 46. Rxe7 Kxe7 47.
Ke4 Ke6 48. c5 1-0

[Event "16th Battle of Senta - OPEN A"]
[Site "Senta"]
[Date "2012.07.19"]
[Round "7.21"]
[White "Bejatovic, Bojana"]
[Black "Savic, Dragan"]
[Result "1-0"]
[WhiteElo "1941"]
[BlackElo "2174"]
[PlyCount "73"]
[EventDate "2012.07.14"]

1. Nf3 e6 2. d4 d5 3. e3 Nf6 4. Bd3 Bd6 5. O-O Nbd7 6. c4 c6 7. Nc3 O-O 8. b3
Re8 9. e4 Bb4 10. e5 Bxc3 11. exf6 Nxf6 12. Rb1 dxc4 13. bxc4 h6 14. h3 b6 15.
Rb3 Ba5 16. Ne5 Bb7 17. Bb1 Rc8 18. Rg3 Kf8 19. Ba3+ c5 20. dxc5 bxc5 21. Qb3
Qc7 22. Qe3 Red8 23. Bc1 Qd6 24. Rxg7 Ke8 25. Rxf7 Qxe5 26. Rf8+ Ke7 27. Qxe5
Rxf8 28. Bxh6 Rg8 29. Bg5 Rgf8 30. Rd1 Rc6 31. Be4 Bc7 32. Bxf6+ Rxf6 33. Qg5
Rb6 34. Bxb7 Rxb7 35. Qxc5+ Kf7 36. Rd7+ Kg6 37. Rxc7 1-0

[Event "16th Battle of Senta - OPEN A"]
[Site "Senta"]
[Date "2012.07.19"]
[Round "7.23"]
[White "Racz, Peter"]
[Black "Zarkovic, Mila"]
[Result "0-1"]
[WhiteElo "2006"]
[BlackElo "1996"]
[PlyCount "54"]
[EventDate "2012.07.14"]

1. Nf3 c5 2. e3 Nf6 3. d4 e6 4. Bd3 Be7 5. O-O d5 6. c3 O-O 7. Nbd2 Nbd7 8. Re1
Qc7 9. e4 dxe4 10. Nxe4 h6 11. Qe2 b6 12. Nxf6+ Nxf6 13. Ne5 Bb7 14. Ng4 Qc6
15. Nxf6+ Bxf6 16. Qg4 h5 17. Qh3 cxd4 18. Be4 Qc7 19. Qxh5 Bxe4 20. Rxe4 dxc3
21. Qe2 Rac8 22. Rb1 c2 23. Ra1 Rfd8 24. g3 Rd1+ 25. Kg2 Qc6 26. Kh3 Rxc1 27.
Rxc1 Bxb2 0-1

[Event "16th Battle of Senta - OPEN A"]
[Site "Senta"]
[Date "2012.07.19"]
[Round "7.24"]
[White "Parnicki, Zlatko"]
[Black "Kaszas, Viktor"]
[Result "1/2-1/2"]
[WhiteElo "2194"]
[BlackElo "2011"]
[PlyCount "107"]
[EventDate "2012.07.14"]

1. d4 Nf6 2. c4 c5 3. e3 g6 4. Nc3 Bg7 5. d5 d6 6. Bd3 O-O 7. Nf3 e6 8. dxe6
Bxe6 9. O-O d5 10. Ng5 Nc6 11. Nxe6 fxe6 12. cxd5 exd5 13. Rb1 a6 14. b3 Kh8
15. Bb2 Qd6 16. h3 b5 17. a4 b4 18. Ne2 Ne5 19. Rc1 Rfe8 20. Nf4 Rad8 21. Bb1
d4 22. exd4 cxd4 23. Re1 Nc6 24. Qf3 Na5 25. Rxe8+ Rxe8 26. Rd1 Nc6 27. Bd3 Ne5
28. Qg3 Nxd3 29. Nxg6+ hxg6 30. Qxd6 Nxb2 31. Rxd4 Re1+ 32. Kh2 Ng4+ 33. hxg4
Be5+ 34. Qxe5+ Rxe5 35. Rxb4 Nd3 36. Rb6 a5 37. Rb5 Nxf2 38. Kg3 Rxb5 39. axb5
Nd3 40. b6 Nc5 41. Kf3 Kg7 42. Ke3 Kf6 43. Kd4 Na6 44. Kc4 Ke6 45. Kb5 Nb8 46.
Kxa5 Kd6 47. Kb5 g5 48. b7 Kc7 49. Kc5 Nd7+ 50. Kd4 Nf6 51. Ke5 Nxg4+ 52. Ke4
Kxb7 53. g3 Nh2 54. g4 1/2-1/2

[Event "16th Battle of Senta - OPEN A"]
[Site "Senta"]
[Date "2012.07.20"]
[Round "8.1"]
[White "Gleizerov, Evgeny"]
[Black "Nestorovic, Dejan"]
[Result "1/2-1/2"]
[WhiteElo "2565"]
[BlackElo "2404"]
[PlyCount "139"]
[EventDate "2012.07.14"]

1. d4 Nf6 2. c4 g6 3. Nc3 d5 4. cxd5 Nxd5 5. Bd2 Bg7 6. e4 Nb6 7. Be3 O-O 8. h3
e5 9. Nf3 exd4 10. Bxd4 Qe7 11. Bxg7 Rd8 12. Qc1 Kxg7 13. Be2 Nc6 14. O-O Be6
15. Re1 Nb4 16. b3 Nd3 17. Bxd3 Rxd3 18. Qc2 Rdd8 19. Ne2 c5 20. Ng3 c4 21.
Nf5+ Bxf5 22. exf5 cxb3 23. Qxb3 Qf6 24. fxg6 hxg6 25. Ne5 Rac8 26. Rab1 Rd6
27. Ng4 Qd8 28. Qe3 Kg8 29. Qf4 f5 30. Ne5 Qf6 31. Rb3 Nd5 32. Qa4 b6 33. Rd3
a5 34. Qb3 Rcd8 35. Nc4 R6d7 36. Ne3 Qf7 37. Red1 Nf6 38. Rxd7 Rxd7 39. Qxb6 f4
40. Rxd7 Nxd7 41. Qd8+ Nf8 42. Nd5 a4 43. a3 f3 44. Nf6+ Kg7 45. Ng4 Ne6 46.
Qa5 fxg2 47. Qxa4 Qc7 48. Qe4 Nf4 49. Qd4+ Kh7 50. Nf6+ Kh6 51. Qe3 g5 52. Ng4+
Kg7 53. Qe5+ Qxe5 54. Nxe5 Kf6 55. Nf3 Nxh3+ 56. Kxg2 Nf4+ 57. Kg3 Kf5 58. a4
Ne2+ 59. Kh2 g4 60. a5 Nf4 61. a6 Nd5 62. a7 Nb6 63. Nd4+ Ke4 64. Nc2 Kd5 65.
Kg3 Kc6 66. Kxg4 Kb7 67. Kf5 Kxa7 68. Ke5 Kb7 69. Ke6 Nc4 70. f4 1/2-1/2

[Event "16th Battle of Senta - OPEN A"]
[Site "Senta"]
[Date "2012.07.20"]
[Round "8.6"]
[White "Dragovic, Momcilo"]
[Black "Lukovic, Vladimir"]
[Result "1-0"]
[WhiteElo "2364"]
[BlackElo "2329"]
[PlyCount "39"]
[EventDate "2012.07.14"]

1. e4 e5 2. Nf3 Nc6 3. Nc3 Nf6 4. a3 Bc5 5. Nxe5 Nxe5 6. d4 Bd6 7. dxe5 Bxe5 8.
Bd3 d5 9. exd5 Bxc3+ 10. bxc3 Qxd5 11. O-O O-O 12. Rb1 Bg4 13. Qd2 Rad8 14. c4
Qc6 15. Rb5 a6 16. Rg5 h6 17. Rxg7+ Kxg7 18. Qxh6+ Kg8 19. Qg5+ Kh8 20. Bb2 1-0

[Event "16th Battle of Senta - OPEN A"]
[Site "Senta"]
[Date "2012.07.20"]
[Round "8.9"]
[White "Vranic, Ljubomir"]
[Black "Farkas, Tibor"]
[Result "0-1"]
[WhiteElo "2192"]
[BlackElo "2256"]
[PlyCount "90"]
[EventDate "2012.07.14"]

1. d4 Nf6 2. c4 g6 3. Nc3 d5 4. Nf3 Bg7 5. Bg5 dxc4 6. e4 c5 7. dxc5 Qa5 8. Bd2
Qxc5 9. Qa4+ Nc6 10. Qxc4 Qxc4 11. Bxc4 O-O 12. h3 Nd7 13. Be2 Nc5 14. O-O Bxc3
15. Bxc3 Nxe4 16. Be1 Rd8 17. Bb5 Bd7 18. Bxc6 Bxc6 19. Bb4 Nd6 20. Ne5 Bd5 21.
Rfd1 Be6 22. Rac1 Rac8 23. b3 Rxc1 24. Rxc1 Rc8 25. Rxc8+ Nxc8 26. Nf3 Bd5 27.
Nd2 e5 28. f3 f6 29. Kf2 Kf7 30. Ke3 Ke6 31. Kd3 h5 32. h4 Nd6 33. Bc5 a6 34.
Bf2 g5 35. Ke2 g4 36. Be1 f5 37. Bf2 f4 38. fxg4 hxg4 39. g3 Nf5 40. Nf1 Bc6
41. Nh2 fxg3 42. Nxg4 gxf2 43. Kxf2 Nxh4 44. Ke3 Nf5+ 45. Ke2 e4 0-1